LDR 00904naa#a2200205#i#450# 001 EN\\bibl\20251 005 20260701191357.3 100 ## _a20260630b2026####ek#y0engy0150####ca 102 ## _aRU 200 1# _aAN AUTOMATED SYSTEM FOR MONITORING THE HEALTH AND YIELD OF PROTECTIVE CULTIVARS USING MID-RESOLUTION MULTISPECTRAL IMAGERY _eConference article/thesis 210 1# _aVoronezh _cFSBE Institution of Higher Education Voronezh State University of Forestry and Technologies named after G.F. Morozov _d2026 215 ## _a7 с. 608 ## _aConference article/thesis _2local 675 ## _aПрименение дистанционного зондирования. 528.88 _aЛесное хозяйство. Лесоводство. 630 _z 700 #1 _aNovikov _gA. I. 700 #1 _aNovikova _gTatyana Petrovna 700 #1 _aRabko _gSiarhei V. 700 #1 _aBogomolov _gA. A. 700 #1 _aKokoreva _gS. V. 856 4# _abibl.vgltu.ru _u